[Event "Festival de Calviá 2016 - Aficionados"]
[Site "Calvia ESP"]
[Date "2016.10.09"]
[Round "2.47"]
[White "Koch-Muller, Victor"]
[Black "Billotti, Romain"]
[Result "0-1"]
[WhiteElo "1547"]
[BlackElo "1853"]
[PlyCount "58"]
[EventDate "2016.10.08"]
[EventType "swiss"]
[EventRounds "9"]
[EventCountry "ESP"]
[SourceTitle "Ajedrez en Madrid"]
[Source "lmi"]
[SourceDate "2016.10.08"]

1. c4 Nf6 2. g3 g6 3. Bg2 Bg7 4. Nc3 c6 5. e4 d6 6. Nge2 O-O 7. O-O Ne8 8. d3
f5 9. Be3 Nf6 10. Qc2 Ng4 11. Bd2 Na6 12. a3 Bd7 13. b4 Nc7 14. Rac1 Rc8 15.
Rb1 b5 16. Nd1 fxe4 17. Bxe4 d5 18. cxd5 cxd5 19. Bg2 e5 20. Qb3 Be6 21. Qc2
Ne8 22. Qb3 Nc7 23. a4 d4 24. Qa3 a6 25. a5 Nd5 26. Qb2 Qd6 27. Bxd5 Qxd5 28.
Rc1 Qf3 29. Rxc8 Bd5 0-1

[Event "Festival de Calviá 2016 - Aficionados"]
[Site "Calvia ESP"]
[Date "2016.10.09"]
[Round "2.50"]
[White "Nesse, David"]
[Black "Breed, Greg J"]
[Result "1-0"]
[WhiteElo "1502"]
[BlackElo "1801"]
[PlyCount "47"]
[EventDate "2016.10.08"]
[EventType "swiss"]
[EventRounds "9"]
[EventCountry "ESP"]
[SourceTitle "Ajedrez en Madrid"]
[Source "lmi"]
[SourceDate "2016.10.08"]

1. e4 d5 2. exd5 Qxd5 3. Nc3 Qa5 4. Nf3 Nf6 5. Bc4 Bg4 6. O-O e6 7. d4 c6 8.
Bd2 Qh5 9. Be2 Bd6 10. h3 Bxf3 11. Bxf3 Qh4 12. Nb5 Ke7 13. Nxd6 Kxd6 14. Kh2
Nd5 15. c4 Ne7 16. g3 Qf6 17. d5 exd5 18. cxd5 Nxd5 19. Bf4+ Kc5 20. Bxd5 cxd5
21. Rc1+ Kb5 22. Qb3+ Ka6 23. Qa4+ Kb6 24. Bc7# 1-0

[Event "Festival de Calviá 2016 - Aficionados"]
[Site "Calvia ESP"]
[Date "2016.10.09"]
[Round "2.54"]
[White "Nicholson, John"]
[Black "Nettleton, Robin"]
[Result "1-0"]
[WhiteElo "1773"]
[BlackElo "1288"]
[PlyCount "53"]
[EventDate "2016.10.08"]
[EventType "swiss"]
[EventRounds "9"]
[EventCountry "ESP"]
[SourceTitle "Ajedrez en Madrid"]
[Source "lmi"]
[SourceDate "2016.10.08"]

1. e4 c6 2. d4 e6 3. Nf3 d5 4. e5 h6 5. Bd3 Nd7 6. O-O f6 7. exf6 Ngxf6 8. Re1
Nb6 9. Ne5 Rg8 10. Bg6+ Ke7 11. Bf7 Rh8 12. Ng6+ Kxf7 13. Nxh8+ Ke8 14. Qd3 Qe7
15. Ng6 Qf7 16. Ne5 Qh5 17. Nc3 Bd6 18. Bf4 Nbd7 19. Ng6 Bxf4 20. Nxf4 Qf7 21.
Nxe6 Qg8 22. Qg6+ Ke7 23. Nc7+ Kd8 24. Nxa8 Nf8 25. Qg3 Ne8 26. Rxe8+ Kxe8 27.
Re1+ 1-0

[Event "Festival de Calviá 2016 - Aficionados"]
[Site "Calvia ESP"]
[Date "2016.10.10"]
[Round "3.1"]
[White "Ustianovich, Nazar"]
[Black "Wahlund, Max"]
[Result "1-0"]
[WhiteElo "2316"]
[BlackElo "2080"]
[PlyCount "113"]
[EventDate "2016.10.08"]
[EventType "swiss"]
[EventRounds "9"]
[EventCountry "ESP"]
[SourceTitle "Ajedrez en Madrid"]
[Source "lmi"]
[SourceDate "2016.10.08"]

1. d4 d5 2. Nf3 Nf6 3. c4 dxc4 4. e3 e6 5. Bxc4 a6 6. O-O c5 7. dxc5 Bxc5 8.
Qxd8+ Kxd8 9. Be2 Ke7 10. Nbd2 Bd7 11. Ne5 Bb5 12. Nd3 Bxd3 13. Bxd3 Rd8 14.
Be2 Nc6 15. Nb3 Bb6 16. Bf3 Rab8 17. Bd2 Nd5 18. a3 Ne5 19. Be2 Rbc8 20. Rfc1
Rxc1+ 21. Rxc1 Kd7 22. Rd1 Kc8 23. Kf1 Nf6 24. Rc1+ Kb8 25. Bc3 Ned7 26. Bf3
Bc7 27. Rd1 Kc8 28. Na5 Bxa5 29. Bxa5 b6 30. Bb4 Nb8 31. Bb7+ Kc7 32. Rxd8 Kxd8
33. Bd6 Nfd7 34. b4 Ke8 35. Ke2 Kd8 36. Kd3 Ke8 37. Kd4 Kd8 38. a4 Ke8 39. a5
bxa5 40. bxa5 Kd8 41. h3 f6 42. g4 g6 43. f4 g5 44. f5 exf5 45. gxf5 h5 46. Kd5
g4 47. h4 Ke8 48. Ke6 g3 49. Bxb8 Nc5+ 50. Kxf6 Nxb7 51. Bxg3 Nxa5 52. Kg7 Nc6
53. f6 Nd8 54. Bc7 Ne6+ 55. Kg8 Kd7 56. Ba5 Kc6 57. f7 1-0

[Event "Festival de Calviá 2016 - Aficionados"]
[Site "Calvia ESP"]
[Date "2016.10.10"]
[Round "3.2"]
[White "Guski, Dietmar"]
[Black "Viskelis, Darius"]
[Result "0-1"]
[WhiteElo "2034"]
[BlackElo "2305"]
[PlyCount "72"]
[EventDate "2016.10.08"]
[EventType "swiss"]
[EventRounds "9"]
[EventCountry "ESP"]
[SourceTitle "Ajedrez en Madrid"]
[Source "lmi"]
[SourceDate "2016.10.08"]

1. e4 e5 2. Nf3 Nc6 3. d4 exd4 4. Bc4 Nf6 5. e5 Ng4 6. Bf4 d6 7. exd6 Bxd6 8.
Qe2+ Kf8 9. Bg5 f6 10. Bh4 Qe7 11. Qxe7+ Kxe7 12. O-O Rd8 13. Nbd2 Bf5 14. Bb3
Kf8 15. h3 Nge5 16. Nxe5 Nxe5 17. g4 Bd7 18. f4 Ng6 19. Bg3 c5 20. Ne4 Bb5 21.
Rf2 c4 22. a4 Ba6 23. Ba2 Rac8 24. Rd1 Be7 25. f5 Ne5 26. Bxe5 fxe5 27. g5 Bc5
28. g6 h6 29. f6 d3 30. Nxc5 Rxc5 31. cxd3 cxd3 32. Rdf1 d2 33. fxg7+ Kxg7 34.
Rf7+ Kxg6 35. R1f6+ Kh5 36. Rf5+ Kh4 0-1

[Event "Festival de Calviá 2016 - Aficionados"]
[Site "Calvia ESP"]
[Date "2016.10.10"]
[Round "3.3"]
[White "Oriot, Patrice"]
[Black "Lacrosse, Marc"]
[Result "1/2-1/2"]
[WhiteElo "1980"]
[BlackElo "2247"]
[PlyCount "99"]
[EventDate "2016.10.08"]
[EventType "swiss"]
[EventRounds "9"]
[EventCountry "ESP"]
[SourceTitle "Ajedrez en Madrid"]
[Source "lmi"]
[SourceDate "2016.10.08"]

1. e4 e5 2. Nf3 Nc6 3. Bb5 a6 4. Ba4 Nf6 5. d3 b5 6. Bb3 Bc5 7. O-O d6 8. c3 h6
9. h3 O-O 10. Re1 Re8 11. Nbd2 Be6 12. Nf1 d5 13. d4 exd4 14. e5 Ne4 15. cxd4
Nxd4 16. Nxd4 Nxf2 17. Kxf2 Qh4+ 18. g3 Bxd4+ 19. Be3 Bxe3+ 20. Nxe3 Qg5 21.
Kg2 Qxe5 22. Qd2 Rad8 23. Ng4 Qd6 24. Qf4 Qxf4 25. gxf4 c5 26. Bc2 d4 27. f5
Bd5+ 28. Kf2 Rxe1 29. Kxe1 h5 30. Nf2 c4 31. Kd2 d3 32. Bd1 g6 33. b3 Kg7 34.
bxc4 bxc4 35. fxg6 fxg6 36. Rb1 Rd6 37. h4 Kf6 38. Nh3 Ke5 39. Kc3 Rf6 40. Rb8
Rf1 41. Re8+ Kd6 42. Ba4 Rc1+ 43. Kd4 Be6 44. Ng5 Bf5 45. Nf7+ Kc7 46. Kc5 d2
47. Re7+ Kb8 48. Re8+ Kc7 49. Re7+ Kb8 50. Re8+ 1/2-1/2

[Event "Festival de Calviá 2016 - Aficionados"]
[Site "Calvia ESP"]
[Date "2016.10.10"]
[Round "3.4"]
[White "Hristodorescu, Daniel"]
[Black "Lazarte Anello, David Emiliano"]
[Result "1-0"]
[WhiteElo "2229"]
[BlackElo "2052"]
[PlyCount "75"]
[EventDate "2016.10.08"]
[EventType "swiss"]
[EventRounds "9"]
[EventCountry "ESP"]
[SourceTitle "Ajedrez en Madrid"]
[Source "lmi"]
[SourceDate "2016.10.08"]

1. e4 c5 2. Nf3 d6 3. d4 cxd4 4. Nxd4 Nf6 5. Nc3 a6 6. f4 e5 7. Nf3 Qc7 8. a4
Be7 9. Bd3 Nbd7 10. O-O b6 11. Qe1 Bb7 12. Kh1 Rc8 13. Bd2 exf4 14. Bxf4 Ne5
15. Nxe5 dxe5 16. Bg5 h6 17. Bxf6 Bxf6 18. Qe2 Ra8 19. Bc4 O-O 20. Nd5 Bxd5 21.
Bxd5 Rad8 22. Ra3 Rd6 23. Rc3 Qa7 24. Qg4 Rfd8 25. h4 Kf8 26. Rff3 g6 27. h5
Qd7 28. Qg3 Kg7 29. Rc4 Rc8 30. Bxf7 g5 31. Rxc8 Qxc8 32. Bb3 Qd7 33. Rc3 Rd4
34. Bd5 Rxa4 35. Rc6 Ra1+ 36. Kh2 Qd8 37. Qc3 Rf1 38. Rc7+ 1-0

[Event "Festival de Calviá 2016 - Aficionados"]
[Site "Calvia ESP"]
[Date "2016.10.10"]
[Round "3.5"]
[White "Melderis, Uldis"]
[Black "Greiff, Hakan"]
[Result "1/2-1/2"]
[WhiteElo "1969"]
[BlackElo "2212"]
[PlyCount "80"]
[EventDate "2016.10.08"]
[EventType "swiss"]
[EventRounds "9"]
[EventCountry "ESP"]
[SourceTitle "Ajedrez en Madrid"]
[Source "lmi"]
[SourceDate "2016.10.08"]

1. d4 d5 2. c4 e6 3. Nc3 Nf6 4. Nf3 Be7 5. Bg5 Nbd7 6. e3 O-O 7. Bd3 dxc4 8.
Bxc4 a6 9. O-O b5 10. Bd3 Bb7 11. Rc1 h6 12. Bxf6 Nxf6 13. Qc2 Rc8 14. Ne4 Bxe4
15. Bxe4 c5 16. dxc5 Rxc5 17. Qd3 Qc7 18. Rxc5 Qxc5 19. Qb1 Qb4 20. Bd3 Nd5 21.
a3 Qd6 22. Rd1 Qb8 23. Be4 Nb6 24. Nd4 Bf6 25. b4 Rd8 26. Nc6 Rxd1+ 27. Qxd1
Qc7 28. g3 Nc4 29. Qc2 Qd6 30. a4 g5 31. axb5 axb5 32. Qd3 Qc7 33. h3 Kg7 34.
Kg2 h5 35. g4 h4 36. Bf3 Ne5 37. Nxe5 Qxe5 38. Be2 Be7 39. Qxb5 Qe4+ 40. Bf3
Qxb4 1/2-1/2

[Event "Festival de Calviá 2016 - Aficionados"]
[Site "Calvia ESP"]
[Date "2016.10.10"]
[Round "3.6"]
[White "Ballesteros Gonzalez, David"]
[Black "Grichkevitch, Gilles"]
[Result "1/2-1/2"]
[WhiteElo "2167"]
[BlackElo "2016"]
[PlyCount "70"]
[EventDate "2016.10.08"]
[EventType "swiss"]
[EventRounds "9"]
[EventCountry "ESP"]
[SourceTitle "Ajedrez en Madrid"]
[Source "lmi"]
[SourceDate "2016.10.08"]

1. d4 Nf6 2. Nf3 g6 3. Nc3 Bg7 4. e4 d5 5. e5 Ne4 6. Nxe4 dxe4 7. Ng5 c5 8. Bc4
O-O 9. c3 cxd4 10. cxd4 b5 11. Bb3 Bb7 12. Be3 h6 13. Nh3 Nc6 14. O-O Na5 15.
Bc2 Nc4 16. Qg4 Qc8 17. Qe2 a6 18. Nf4 Nxb2 19. e6 g5 20. exf7+ Rxf7 21. Nh5
Nc4 22. h4 gxh4 23. Nxg7 Rxg7 24. Bxh6 Rg6 25. Qh5 Qg4 26. Qxg4 Rxg4 27. Kh2
Rd8 28. Be3 Rd6 29. Bb3 Bd5 30. Bxc4 Bxc4 31. Rg1 Rdg6 32. a3 Kf7 33. Rac1 Ke6
34. Kh3 Kd7 35. Rce1 Be6 1/2-1/2

[Event "Festival de Calviá 2016 - Aficionados"]
[Site "Calvia ESP"]
[Date "2016.10.10"]
[Round "3.7"]
[White "Kolotilina, Liudmila"]
[Black "Mitenieks, Matiss"]
[Result "1-0"]
[WhiteElo "2143"]
[BlackElo "1934"]
[PlyCount "79"]
[EventDate "2016.10.08"]
[EventType "swiss"]
[EventRounds "9"]
[EventCountry "ESP"]
[SourceTitle "Ajedrez en Madrid"]
[Source "lmi"]
[SourceDate "2016.10.08"]

1. e4 c5 2. Nf3 d6 3. d4 cxd4 4. Nxd4 Nf6 5. Nc3 a6 6. f3 e6 7. Be3 Nbd7 8. Qd2
Qc7 9. g4 Ne5 10. O-O-O Nc4 11. Bxc4 Qxc4 12. Kb1 Be7 13. h4 b5 14. g5 Nd7 15.
h5 Nf8 16. Rh4 e5 17. b3 Qc7 18. Nd5 Qb7 19. Nf5 Bxf5 20. exf5 Bd8 21. Qb4 Qc6
22. Rh2 Rc8 23. f4 Nd7 24. Re2 O-O 25. f6 a5 26. Qe1 a4 27. fxg7 Re8 28. f5 Nb6
29. Bxb6 Bxb6 30. h6 Bd8 31. Qg3 Qd7 32. g6 Qxf5 33. gxf7+ Qxf7 34. Rf2 Qg6 35.
Rdf1 Bg5 36. Qf3 Bxh6 37. Nf6+ Kxg7 38. Nxe8+ Rxe8 39. Rg2 Bg5 40. Rxg5 1-0

[Event "Festival de Calviá 2016 - Aficionados"]
[Site "Calvia ESP"]
[Date "2016.10.10"]
[Round "3.8"]
[White "Satre, Roger"]
[Black "Jekabsons, Ivars"]
[Result "0-1"]
[WhiteElo "1827"]
[BlackElo "2126"]
[PlyCount "130"]
[EventDate "2016.10.08"]
[EventType "swiss"]
[EventRounds "9"]
[EventCountry "ESP"]
[SourceTitle "Ajedrez en Madrid"]
[Source "lmi"]
[SourceDate "2016.10.08"]

1. e4 c5 2. Nc3 Nc6 3. g3 g6 4. Bg2 Bg7 5. d3 d6 6. Be3 e5 7. Nge2 Nge7 8. h4
Nd4 9. Qd2 Bg4 10. Ng1 h5 11. f3 Bd7 12. Nh3 b5 13. O-O b4 14. Nd1 Rb8 15. c3
Ndc6 16. Kh2 Qa5 17. Ng1 d5 18. Ne2 d4 19. cxd4 cxd4 20. Bf2 Bh6 21. f4 O-O 22.
b3 Be6 23. Nb2 f6 24. Rfc1 Rfc8 25. Nc4 Qd8 26. Rc2 a5 27. Ng1 Na7 28. Nf3 Nec6
29. Qe1 exf4 30. gxf4 Bxf4+ 31. Bg3 Qc7 32. Rac1 Bxg3+ 33. Qxg3 Qxg3+ 34. Kxg3
Bxc4 35. Rxc4 Ne5 36. Rxc8+ Rxc8 37. Rxc8+ Nxc8 38. Nxd4 Nxd3 39. Nc6 Nc1 40.
Nxa5 Nxa2 41. Nc6 Kf7 42. e5 Ne7 43. exf6 Nf5+ 44. Kh3 Kxf6 45. Be4 Ne3 46. Bb1
Nc3 47. Bxg6 Kxg6 48. Nxb4 Kf5 49. Nc6 Kf4 50. Nd4 Ke5 51. Nf3+ Kf4 52. Nd4 Nf5
53. Ne6+ Kf3 54. b4 Nd5 55. Ng5+ Ke3 56. b5 Nf4+ 57. Kh2 Nd5 58. Ne6 Nxh4 59.
Ng7 Nf3+ 60. Kh1 h4 61. Nf5+ Kf2 62. Nxh4 Nxh4 63. Kh2 Nf4 64. b6 Nf3+ 65. Kh1
Ne2 0-1

[Event "Festival de Calviá 2016 - Aficionados"]
[Site "Calvia ESP"]
[Date "2016.10.10"]
[Round "3.9"]
[White "Schenk Papke, Andres"]
[Black "Vicens Company, Maria Antonia"]
[Result "1-0"]
[WhiteElo "2095"]
[BlackElo "1785"]
[PlyCount "49"]
[EventDate "2016.10.08"]
[EventType "swiss"]
[EventRounds "9"]
[EventCountry "ESP"]
[SourceTitle "Ajedrez en Madrid"]
[Source "lmi"]
[SourceDate "2016.10.08"]

1. d4 b6 2. e4 Bb7 3. Nc3 e6 4. Nf3 Bb4 5. Bd3 d5 6. exd5 Qxd5 7. Bd2 Bxc3 8.
Bxc3 Qh5 9. d5 Nf6 10. dxe6 fxe6 11. Qe2 O-O 12. Qxe6+ Kh8 13. O-O-O Ng4 14.
Qe7 Qh6+ 15. Kb1 Na6 16. Ng5 Bd5 17. Bxa6 Rae8 18. Qd7 Bxa2+ 19. Kxa2 Qxg5 20.
Rd5 Qg6 21. Bd3 Qf7 22. Qxg4 Re7 23. Bc4 Qe8 24. Bb3 c6 25. Rg5 1-0

[Event "Festival de Calviá 2016 - Aficionados"]
[Site "Calvia ESP"]
[Date "2016.10.10"]
[Round "3.10"]
[White "Kamm, Guenter"]
[Black "Galiana Salom, Juan Ramon"]
[Result "0-1"]
[WhiteElo "2009"]
[BlackElo "2262"]
[PlyCount "42"]
[EventDate "2016.10.08"]
[EventType "swiss"]
[EventRounds "9"]
[EventCountry "ESP"]
[SourceTitle "Ajedrez en Madrid"]
[Source "lmi"]
[SourceDate "2016.10.08"]

1. e4 e6 2. d3 d5 3. Nd2 c5 4. Ngf3 Bd6 5. g3 Ne7 6. Bg2 Nbc6 7. O-O O-O 8. c3
a5 9. a4 b6 10. Re1 Bc7 11. Qc2 Ba6 12. Bf1 Ng6 13. Be2 f5 14. Nf1 f4 15. d4
Bxe2 16. Qxe2 Kh8 17. e5 cxd4 18. cxd4 fxg3 19. hxg3 Rxf3 20. Qxf3 Nxd4 21. Qh5
Nxe5 0-1

[Event "Festival de Calviá 2016 - Aficionados"]
[Site "Calvia ESP"]
[Date "2016.10.10"]
[Round "3.12"]
[White "Kaminski, Robert"]
[Black "Voiteanu, Gabriel"]
[Result "0-1"]
[WhiteElo "2012"]
[BlackElo "2207"]
[PlyCount "96"]
[EventDate "2016.10.08"]
[EventType "swiss"]
[EventRounds "9"]
[EventCountry "ESP"]
[SourceTitle "Ajedrez en Madrid"]
[Source "lmi"]
[SourceDate "2016.10.08"]

1. e4 d6 2. d4 Nf6 3. Nc3 e5 4. dxe5 dxe5 5. Qxd8+ Kxd8 6. Bg5 c6 7. Nf3 Nbd7
8. Bc4 Ke8 9. a4 Bb4 10. O-O Bxc3 11. Bxf6 gxf6 12. bxc3 Nc5 13. Nd2 Be6 14.
Bxe6 fxe6 15. f4 Rd8 16. Nc4 Nxe4 17. fxe5 f5 18. Rfd1 b6 19. a5 b5 20. Rxd8+
Kxd8 21. Nd6 Nxd6 22. Rd1 Ke7 23. Rxd6 Rc8 24. c4 bxc4 25. Rd4 c5 26. Rxc4 Rc7
27. Rh4 Kd8 28. Rh6 Re7 29. Kf2 Kc7 30. Ke3 Kc6 31. Kf4 Kd5 32. Rh3 c4 33. Re3
Rg7 34. Kf3 a6 35. Re1 Kd4 36. Re3 Rb7 37. c3+ Kd5 38. Kf4 Rb2 39. Kg5 Rxg2+
40. Kf6 Rxh2 41. Re1 Rh6+ 42. Kg5 Rh3 43. Kf6 Rxc3 44. Rh1 Ra3 45. Rd1+ Rd3 46.
Rh1 c3 47. Rxh7 c2 48. Rd7+ Kc4 0-1

[Event "Festival de Calviá 2016 - Aficionados"]
[Site "Calvia ESP"]
[Date "2016.10.10"]
[Round "3.13"]
[White "Galiana Moll, Ramon Aron"]
[Black "Spence, David J"]
[Result "0-1"]
[WhiteElo "1995"]
[BlackElo "2192"]
[PlyCount "80"]
[EventDate "2016.10.08"]
[EventType "swiss"]
[EventRounds "9"]
[EventCountry "ESP"]
[SourceTitle "Ajedrez en Madrid"]
[Source "lmi"]
[SourceDate "2016.10.08"]

1. d4 e6 2. c4 Nf6 3. Nf3 b6 4. Bg5 h6 5. Bxf6 Qxf6 6. e3 Bb4+ 7. Nbd2 Bb7 8.
Be2 O-O 9. O-O Re8 10. a3 Bf8 11. Qc2 d6 12. Bd3 c5 13. dxc5 bxc5 14. Ne4 Qe7
15. Rac1 Nc6 16. Rfd1 Red8 17. Ng3 Rab8 18. h3 Qc7 19. Be4 Qb6 20. b3 Ba8 21.
Rb1 Qa6 22. b4 cxb4 23. Bxc6 Qxc6 24. axb4 Rdc8 25. Rd4 d5 26. c5 Qb5 27. Ra1
Rc7 28. Nh5 Qe8 29. Rg4 Kh8 30. Ne5 f5 31. Rg6 Rxb4 32. Qd2 Re4 33. Qb2 d4 34.
exd4 Rxe5 35. dxe5 Qxg6 36. Nf4 Qe8 37. Ra6 Bd5 38. Qb1 Qc8 39. Ng6+ Kh7 40.
Nxf8+ Qxf8 0-1

[Event "Festival de Calviá 2016 - Aficionados"]
[Site "Calvia ESP"]
[Date "2016.10.10"]
[Round "3.14"]
[White "Van Herck, Marcel"]
[Black "Fichtinger, Leopold"]
[Result "1-0"]
[WhiteElo "2182"]
[BlackElo "1951"]
[PlyCount "87"]
[EventDate "2016.10.08"]
[EventType "swiss"]
[EventRounds "9"]
[EventCountry "ESP"]
[SourceTitle "Ajedrez en Madrid"]
[Source "lmi"]
[SourceDate "2016.10.08"]

1. e4 e6 2. d4 d5 3. Nc3 Bb4 4. Nge2 dxe4 5. a3 Be7 6. Nxe4 Nf6 7. Qd3 Nxe4 8.
Qxe4 Nd7 9. Nc3 Nf6 10. Qd3 O-O 11. Be2 c5 12. Be3 cxd4 13. Qxd4 Qxd4 14. Bxd4
Bd7 15. Bf3 Bc6 16. Bxc6 bxc6 17. Na4 Rfd8 18. O-O-O Rd5 19. c4 Rg5 20. g3 c5
21. Be3 Re5 22. h3 Kf8 23. b3 Ne4 24. Rhe1 Rf5 25. Re2 Ke8 26. Bf4 g5 27. Rxe4
gxf4 28. g4 Rf6 29. Re5 Rh6 30. Rh1 Kd7 31. Nxc5+ Kc6 32. Nd3 Bxa3+ 33. Kc2 Bd6
34. Re4 Rg8 35. f3 f5 36. Ree1 fxg4 37. hxg4 Rgg6 38. b4 a6 39. Ra1 Rxh1 40.
Rxh1 Rg7 41. Rh6 Kd7 42. Kc3 Rf7 43. Kd4 Bf8 44. Ne5+ 1-0

[Event "Festival de Calviá 2016 - Aficionados"]
[Site "Calvia ESP"]
[Date "2016.10.10"]
[Round "3.18"]
[White "Martinez Lopez, Jaime"]
[Black "Schweighofer, Josef"]
[Result "1-0"]
[WhiteElo "2063"]
[BlackElo "1820"]
[PlyCount "59"]
[EventDate "2016.10.08"]
[EventType "swiss"]
[EventRounds "9"]
[EventCountry "ESP"]
[SourceTitle "Ajedrez en Madrid"]
[Source "lmi"]
[SourceDate "2016.10.08"]

1. d4 Nf6 2. Nf3 e6 3. g3 c5 4. Bg2 d5 5. c4 Nc6 6. cxd5 exd5 7. Nc3 h6 8. O-O
Be6 9. Be3 c4 10. Bf4 Bd6 11. Ne5 O-O 12. e4 Ne7 13. Nxf7 Rxf7 14. Bxd6 Qxd6
15. e5 Qb4 16. exf6 Rxf6 17. Qe2 Rd8 18. a3 Qb3 19. Rfe1 Nc6 20. Qd2 Qb6 21.
Rad1 Qc7 22. Rxe6 Rxe6 23. Bxd5 Rxd5 24. Nxd5 Qd8 25. Nc3 Rd6 26. d5 Ne7 27.
Qe2 b5 28. Nxb5 Rxd5 29. Qxc4 Kh8 30. Rxd5 1-0

[Event "Festival de Calviá 2016 - Aficionados"]
[Site "Calvia ESP"]
[Date "2016.10.10"]
[Round "3.23"]
[White "Walton, Alan J"]
[Black "Harlinska, Sandra"]
[Result "1-0"]
[WhiteElo "2198"]
[BlackElo "1861"]
[PlyCount "53"]
[EventDate "2016.10.08"]
[EventType "swiss"]
[EventRounds "9"]
[EventCountry "ESP"]
[SourceTitle "Ajedrez en Madrid"]
[Source "lmi"]
[SourceDate "2016.10.08"]

1. d4 Nf6 2. Bg5 Ne4 3. Bf4 d6 4. f3 Nf6 5. e4 g6 6. Nc3 Bg7 7. Qd2 O-O 8.
O-O-O c6 9. h4 h5 10. Nh3 Qa5 11. Kb1 e5 12. dxe5 dxe5 13. Bg5 Qc7 14. Nf2 Be6
15. Bxf6 Bxf6 16. g4 hxg4 17. Nxg4 Bxg4 18. fxg4 Qe7 19. g5 Bg7 20. h5 b5 21.
hxg6 fxg6 22. Nxb5 Rf4 23. Nc3 Qxg5 24. Bc4+ Kf8 25. Qd6+ Qe7 26. Qxg6 Qf6 27.
Rh8+ 1-0

[Event "Festival de Calviá 2016 - Aficionados"]
[Site "Calvia ESP"]
[Date "2016.10.10"]
[Round "3.25"]
[White "Cerdo Fernandez, Miguel"]
[Black "Gavrish, Leonid"]
[Result "0-1"]
[WhiteElo "1880"]
[BlackElo "2158"]
[PlyCount "48"]
[EventDate "2016.10.08"]
[EventType "swiss"]
[EventRounds "9"]
[EventCountry "ESP"]
[SourceTitle "Ajedrez en Madrid"]
[Source "lmi"]
[SourceDate "2016.10.08"]

1. e4 d6 2. d4 Nf6 3. Nc3 g6 4. f4 Bg7 5. Nf3 O-O 6. Bd3 Nc6 7. O-O e5 8. fxe5
dxe5 9. d5 Nd4 10. Nxd4 exd4 11. Ne2 Ng4 12. Qe1 c5 13. c3 c4 14. Bxc4 Qc7 15.
Bf4 Qxc4 16. b3 Qd3 17. Nxd4 Bxd4+ 18. cxd4 Qxd4+ 19. Kh1 Re8 20. Qh4 Bd7 21.
h3 Rxe4 22. Bg5 Ne3 23. Qh6 Qxa1 24. Rxa1 Nf5 0-1

[Event "Festival de Calviá 2016 - Aficionados"]
[Site "Calvia ESP"]
[Date "2016.10.10"]
[Round "3.27"]
[White "Billotti, Romain"]
[Black "Bebchuk, Boris"]
[Result "0-1"]
[WhiteElo "1853"]
[BlackElo "2125"]
[PlyCount "56"]
[EventDate "2016.10.08"]
[EventType "swiss"]
[EventRounds "9"]
[EventCountry "ESP"]
[SourceTitle "Ajedrez en Madrid"]
[Source "lmi"]
[SourceDate "2016.10.08"]

1. d4 Nf6 2. c4 e6 3. Nf3 b6 4. g3 Bb7 5. Bg2 Bb4+ 6. Bd2 Be7 7. Nc3 O-O 8. O-O
d6 9. Qc2 c5 10. dxc5 bxc5 11. Rad1 g6 12. Bg5 Nbd7 13. Rfe1 Qc7 14. e4 Rfe8
15. Qd3 Rad8 16. Bf4 Ne5 17. Bxe5 dxe5 18. Qc2 Nd7 19. Re2 Nb8 20. Red2 Nc6 21.
Rxd8 Bxd8 22. Qd3 Nd4 23. a3 Be7 24. b4 cxb4 25. axb4 Rd8 26. c5 a5 27. bxa5
Qxa5 28. Qe3 Qxc3 0-1

[Event "Festival de Calviá 2016 - Aficionados"]
[Site "Calvia ESP"]
[Date "2016.10.10"]
[Round "3.28"]
[White "Garrido Lluy, Javier"]
[Black "Fruebing, Thomas"]
[Result "0-1"]
[WhiteElo "1845"]
[BlackElo "2123"]
[PlyCount "64"]
[EventDate "2016.10.08"]
[EventType "swiss"]
[EventRounds "9"]
[EventCountry "ESP"]
[SourceTitle "Ajedrez en Madrid"]
[Source "lmi"]
[SourceDate "2016.10.08"]

1. e4 e6 2. d4 d5 3. Nd2 a6 4. Ngf3 Nf6 5. e5 Nfd7 6. Bd3 c5 7. c3 Nc6 8. O-O
Be7 9. Re1 Qb6 10. c4 O-O 11. cxd5 exd5 12. Nf1 cxd4 13. Ng3 Nc5 14. Bf5 Be6
15. Nxd4 g6 16. Bb1 Nxd4 17. Qxd4 Nd7 18. Qd1 Rac8 19. b3 Rxc1 20. Qxc1 Bc5 21.
Nh5 Bg4 22. Nf6+ Nxf6 23. exf6 Bxf2+ 24. Kh1 Qxf6 25. Bd3 Bxe1 26. Qxe1 Bf5 27.
Qf1 Kg7 28. Rd1 Be4 29. Qe2 Re8 30. Qc2 Qe5 31. h3 Kg8 32. Qc5 Qh5 0-1

[Event "Festival de Calviá 2016 - Aficionados"]
[Site "Calvia ESP"]
[Date "2016.10.10"]
[Round "3.30"]
[White "Gaitan Moyano, Juan"]
[Black "Gawle, Ireneusz"]
[Result "0-1"]
[WhiteElo "2017"]
[BlackElo "1846"]
[PlyCount "76"]
[EventDate "2016.10.08"]
[EventType "swiss"]
[EventRounds "9"]
[EventCountry "ESP"]
[SourceTitle "Ajedrez en Madrid"]
[Source "lmi"]
[SourceDate "2016.10.08"]

1. e4 e5 2. Nf3 Nc6 3. Bb5 Nge7 4. Nc3 g6 5. d4 exd4 6. Nd5 Bg7 7. Bg5 h6 8.
Bf6 Bxf6 9. Nxf6+ Kf8 10. Nxd4 Nf5 11. Nxd7+ Qxd7 12. Nxc6 bxc6 13. Bd3 Ne7 14.
O-O Kg7 15. f4 f5 16. Qf3 Qd4+ 17. Kh1 Be6 18. Rae1 Rhe8 19. c3 Qc5 20. exf5
Nxf5 21. Re5 Bd5 22. Qe2 Qf8 23. Bxf5 gxf5 24. Re1 Be4 25. Qf2 Qf6 26. Qg3+ Qg6
27. Qf2 Rxe5 28. fxe5 Rd8 29. h3 Rd3 30. Kh2 Qe6 31. Qf4 Rd5 32. Kh1 Qxe5 33.
Qe3 Qd6 34. Qxa7 Qg3 35. Qg1 Qxh3+ 36. Qh2 Bxg2+ 37. Kg1 Qxh2+ 38. Kxh2 Be4 0-1

[Event "Festival de Calviá 2016 - Aficionados"]
[Site "Calvia ESP"]
[Date "2016.10.10"]
[Round "3.33"]
[White "Frey, Armin"]
[Black "Wahl, Peter"]
[Result "0-1"]
[WhiteElo "2002"]
[BlackElo "1801"]
[PlyCount "74"]
[EventDate "2016.10.08"]
[EventType "swiss"]
[EventRounds "9"]
[EventCountry "ESP"]
[SourceTitle "Ajedrez en Madrid"]
[Source "lmi"]
[SourceDate "2016.10.08"]

1. f4 Nf6 2. Nf3 g6 3. Nc3 d5 4. e3 c5 5. d3 Nc6 6. Be2 Bg7 7. O-O O-O 8. Qe1
d4 9. exd4 Nxd4 10. Nxd4 Qxd4+ 11. Kh1 Bg4 12. a4 Qd7 13. Bxg4 Nxg4 14. Ne4 b6
15. h3 Nh6 16. Ng5 e6 17. Ne4 Nf5 18. Ra3 Nd4 19. Qf2 f5 20. Ng5 h6 21. Nf3
Nxf3 22. Qxf3 Qd5 23. Qg3 Kh7 24. Ra1 Rae8 25. c3 Rd8 26. Rf3 Rfe8 27. Bd2 Qb3
28. Qe1 Qxb2 29. a5 e5 30. Rb1 Qc2 31. Rc1 Qa2 32. Ra1 Qf7 33. fxe5 Rxe5 34.
Qh4 Qe7 35. Qxe7 Rxe7 36. axb6 axb6 37. Bf4 Bxc3 0-1

[Event "Festival de Calviá 2016 - Aficionados"]
[Site "Calvia ESP"]
[Date "2016.10.10"]
[Round "3.34"]
[White "Orsario, Wolfgang"]
[Black "Hajenius, Willem"]
[Result "0-1"]
[WhiteElo "1739"]
[BlackElo "2002"]
[PlyCount "46"]
[EventDate "2016.10.08"]
[EventType "swiss"]
[EventRounds "9"]
[EventCountry "ESP"]
[SourceTitle "Ajedrez en Madrid"]
[Source "lmi"]
[SourceDate "2016.10.08"]

1. d4 f5 2. c4 Nf6 3. Nc3 g6 4. g3 Bg7 5. Bg2 O-O 6. Nh3 d6 7. O-O Nc6 8. d5
Ne5 9. b3 Nh5 10. Qc2 c6 11. f4 Ng4 12. dxc6 bxc6 13. Bxc6 Qb6+ 14. Nf2 Qxc6
15. Nxg4 fxg4 16. Bb2 Bd4+ 17. Rf2 Bb7 18. Nd5 Bxf2+ 19. Kxf2 Qc5+ 20. Ne3 Nxf4
21. gxf4 Rxf4+ 22. Kg3 Qxe3+ 23. Kh4 Qh3+ 0-1